|
|
|
|
| LEADER |
01152nam a2200301 a 4500 |
| 001 |
1162282 |
| 008 |
100517r20051997 njua b 001 0 eng d |
| 010 |
|
|
|a 96019945
|
| 020 |
|
|
|a 8120312465
|
| 020 |
|
|
|a 0138147574
|
| 040 |
|
|
|a DLC
|c DLC
|d DLC
|d DB-DhAAL
|
| 082 |
0 |
0 |
|a 621.382/23
|2 20
|
| 100 |
1 |
|
|a Oppenheim, Alan V.,
|d 1937-
|
| 245 |
1 |
0 |
|a Signals & systems /
|c Alan V. Oppenheim, Alan S. Willsky, with S. Hamid Nawab.
|
| 246 |
3 |
|
|a Signals and systems
|
| 250 |
|
|
|a 2nd ed.
|
| 260 |
|
|
|a Upper Saddle River, N.J. :
|b Prentice Hall,
|c c1997.[reprinted 2005]
|
| 300 |
|
|
|a xxx, 957 p. :
|b ill. ;
|c 25 cm.
|
| 490 |
0 |
|
|a Prentice-Hall signal processing series
|
| 504 |
|
|
|a Includes bibliographical references (p. 921-929) and index.
|
| 541 |
1 |
|
|e 00015018
|
| 650 |
|
0 |
|a System analysis.
|
| 650 |
|
0 |
|a Signal theory (Telecommunication)
|
| 700 |
1 |
|
|a Willsky, Alan S.
|
| 700 |
1 |
|
|a Nawab, Syed Hamid.
|
| 852 |
4 |
|
|a Ayesha Abed Library
|j General Shelf.
|
| 999 |
|
|
|c 8635
|d 8635
|
| 952 |
|
|
|0 0
|1 0
|2 ddc
|4 0
|6 621_382230000000000_OPP_2005
|7 0
|9 10303
|a BRACUL
|b BRACUL
|c GEN
|d 2010-05-18
|l 16
|m 147
|o 621.38223 OPP
|p 3010015018
|r 2025-05-24
|s 2025-02-20
|t 1
|w 2010-05-18
|y BK
|